[Event "Malta ol (Men)"]
[Site "La Valetta"]
[Date "1980.??.??"]
[Round "?"]
[White "Karpov, Anatoly"]
[Black "Ermenkov, Evgenij"]
[Result "1/2-1/2"]
[WhiteElo "2725"]
[BlackElo "2495"]

1.Nf3 Nf6 2.c4 g6 3.g3 Bg7 4.Bg2 O-O 5.O-O d6 6.d4 Nbd7 7.Nc3 e5 8.Qc2 Re8
9.Rd1 c6 10.e4 Qe7 11.d5 c5 12.Ne1 Ng4 13.h3 Nh6 14.Be3 a6 15.Rdb1 b6 16.b4 Ra7
17.bxc5 bxc5 18.Na4 f5 19.Bxh6 Bxh6 20.exf5 gxf5 21.Qxf5 Nb6 22.Qc2 Nxa4
23.Qxa4 Bf5 24.Rb2 e4 25.Re2 e3 26.fxe3 Bxe3+ 27.Kh1 Qf8 28.Nc2 Bxc2 29.Qxc2 Rae7
30.Rf1 Qg7 31.g4 Re5 32.Qa4 Qg6 33.Qd1 Qh6 34.Rf3 Bd4 35.Rxe5 Rxe5 36.Qb1 Qg6
37.Qf1 Qe8 38.Qd3 Re1+ 39.Bf1 Qe7 40.Qf5 Kg7 41.g5 Re5 42.Qf6+ Qxf6 43.gxf6+ Kf7
44.Ra3 Rg5 45.Bg2  1/2-1/2

[Event "Los Polvorines op"]
[Site "Los Polvorines"]
[Date "1980.??.??"]
[Round "?"]
[White "Rivero, Jose Luis"]
[Black "Schwanek, Carlos"]
[Result "1-0"]
[WhiteElo "2200"]
[BlackElo "2200"]

1.Nf3 Nf6 2.g3 g6 3.Bg2 Bg7 4.c4 O-O 5.Nc3 d6 6.d4 Nbd7 7.O-O e5 8.e4 c6
9.h3 Ne8 10.Re1 Qb6 11.Na4 Qc7 12.Be3 Nb6 13.Nxb6 axb6 14.dxe5 dxe5 15.c5 b5
16.a4 Nf6 17.Qc2 Rd8 18.Bf1 Be6 19.axb5 Rxa1 20.b6 Qb8 21.Rxa1 Nxe4 22.Bc4 Bxc4
23.Qxc4 Nf6 24.Ng5 Nd5 25.Ne4 Bf8 26.Bg5 Rd7 27.Ra7 h6 28.Bf6 Bg7 29.Bxg7 Kxg7
30.b4 f5 31.Nc3 Nxc3 32.Qxc3 Qe8 33.Kg2 Qe6 34.Qf3 e4 35.Qc3+ Qf6 36.Qxf6+ Kxf6
37.b5 Ke6 38.bxc6 bxc6 39.b7  1-0

[Event "WchT U26"]
[Site "Mexico"]
[Date "1980.??.??"]
[Round "?"]
[White "Mikhalchishin, Adrian"]
[Black "Norris, Alan J"]
[Result "1-0"]
[WhiteElo "2490"]
[BlackElo "2250"]

1.Nf3 Nf6 2.c4 g6 3.g3 Bg7 4.Bg2 O-O 5.d4 d6 6.O-O Nbd7 7.Qc2 e5 8.Rd1 Qe7
9.Nc3 c6 10.e4 Re8 11.d5 c5 12.a3 Nf8 13.b4 b6 14.Rb1 Nh5 15.a4 f5 16.a5 f4
17.Na4 Qd8 18.Bd2 Bd7 19.axb6 axb6 20.Nc3 g5 21.bxc5 bxc5 22.Nb5 Ng6 23.Ra1 Qf6
24.Bc3 g4 25.Ne1 Bh6 26.Nc7 Rxa1 27.Nxe8 Bxe8 28.Rxa1 fxg3 29.hxg3 Nxg3 30.Ra8 Kf7
31.Qb2 Bd7 32.Nd3 Nh5 33.Qb7 Qe7 34.Ba5 Be8 35.Qxe7+ Kxe7 36.Bc7 Nhf4 37.Nxf4 exf4
38.Ra6 f3 39.Bxd6+ Kd7 40.e5 fxg2 41.e6+ Kc8  1-0

[Event "NOR-ch"]
[Site "?"]
[Date "1980.??.??"]
[Round "8"]
[White "Heim, Sverre"]
[Black "Sande, Oystein"]
[Result "1/2-1/2"]
[WhiteElo "2335"]
[BlackElo "2340"]

1.c4 Nf6 2.Nf3 g6 3.g3 Bg7 4.Bg2 O-O 5.O-O d6 6.d4 Nc6 7.Nc3 a6 8.d5 Na5
9.Nd2 c5 10.Qc2 Rb8 11.b3 b5  1/2-1/2

[Event "Rubinstein mem"]
[Site "Polanica Zdroj"]
[Date "1980.??.??"]
[Round "3"]
[White "Romanishin, Oleg M"]
[Black "Bielczyk, Jacek"]
[Result "1-0"]
[WhiteElo "2580"]
[BlackElo "2380"]

1.Nf3 Nf6 2.g3 g6 3.Bg2 Bg7 4.c4 O-O 5.d4 d6 6.O-O Nbd7 7.Qc2 e5 8.Rd1 Re8
9.dxe5 dxe5 10.e4 Bf8 11.h3 c6 12.Be3 Qc7 13.c5 b6 14.b4 bxc5 15.bxc5 Nh5
16.Nbd2 Ng7 17.Nb3 Ne6 18.Ng5 Nxg5 19.Bxg5 Bg7 20.Qd2 a5 21.a4 Qa7 22.Qc3 Nf8
23.Bd8 Nd7 24.Bg5 Nf8 25.Rd6 Be6 26.Rxc6 Bxb3 27.Qxb3 Ne6 28.Be3 Bf8 29.Rc1 Rab8
30.Qc4 Rb4 31.Qa6 Qd7 32.Qxa5 Rd4 33.Qb5 Rd1+ 34.Rxd1 Qxd1+ 35.Kh2 Nd4 36.Bxd4 exd4
37.Rc7 Re7 38.Rxe7 Bxe7 39.c6 Bd6 40.Qd5 Bc7 41.Qd7 Ba5 42.Qe8+  1-0

[Event "Rubinstein mem"]
[Site "Polanica Zdroj"]
[Date "1980.??.??"]
[Round "10"]
[White "Romanishin, Oleg M"]
[Black "Tomaszewski, Roman"]
[Result "1-0"]
[WhiteElo "2580"]
[BlackElo "2365"]

1.Nf3 Nf6 2.g3 g6 3.Bg2 Bg7 4.c4 O-O 5.d4 d6 6.O-O Nbd7 7.Qc2 e5 8.Rd1 Re8
9.dxe5 dxe5 10.e4 c6 11.h3 Qc7 12.Be3 Bf8 13.c5 b6 14.b4 bxc5 15.bxc5 Qa5
16.Nbd2 Nxc5 17.Rdc1 Ncd7 18.Qxc6 Ba6 19.Nc4 Bxc4 20.Qxc4 Rac8 21.Qxc8 Rxc8
22.Rxc8 Kg7 23.Nd2 Nb6 24.Nc4 Nxc4 25.Rxc4 Nd7 26.Rac1 Nb6 27.Rc7 Bd6 28.R7c6 Ba3
29.R1c2 h6 30.h4 Qa4 31.f4 Nd7 32.f5 Nf6 33.Bf3 Qb4 34.Kg2 gxf5 35.Bxh6+ Kxh6
36.Rxf6+ Kg7 37.Rxf5 Qd6 38.Bh5 f6 39.Rcf2 Bc5 40.Rxf6 Qxf6 41.Rxf6 Kxf6
42.g4  1-0

[Event "URS-ch U26"]
[Site "Riga"]
[Date "1980.??.??"]
[Round "?"]
[White "Vladimirov, Evgeny"]
[Black "Chekhov, Valery A"]
[Result "1-0"]
[WhiteElo "2440"]
[BlackElo "2410"]

1.Nf3 Nf6 2.c4 g6 3.g3 Bg7 4.Bg2 O-O 5.O-O c6 6.d4 d6 7.Nc3 Nbd7 8.e4 e5
9.h3 Qb6 10.Re1 exd4 11.Nxd4 Ne8 12.Nce2 Qa6 13.Be3 Qxc4 14.Bf1 Qb4 15.Qc2 Qc5
16.Qd2 Qe5 17.Nc3 Nc5 18.f4 Qe7 19.Bf2 a5 20.Rad1 a4 21.Qc2 Qc7 22.Nb1 b6
23.b4 axb3 24.axb3 Bd7 25.Rc1 Nf6 26.Bg2 Rac8 27.Nd2 Qb8 28.Nc4 Ncxe4 29.Bxe4 Nxe4
30.Qxe4 d5 31.Qe7 dxc4 32.Qxd7 Rfd8 33.Qxd8+ Rxd8 34.Nxc6 Qa8 35.Nxd8 Qxd8
36.Red1 Qb8 37.Rxc4 h5 38.Rd7 Qa8 39.Rcc7 Qe4 40.Rxf7 Bd4 41.Rfe7 Bxf2+ 42.Kxf2 Qd4+
43.Ke2 Qb2+ 44.Ke1 Qa1+ 45.Kd2 Qb2+ 46.Rc2 Qd4+ 47.Ke2 Kf8 48.Re3 Qd7 49.h4 Kf7
50.Rc4 Qb5 51.Kd2 Qa5+ 52.Kd3 Qd5+ 53.Kc3 Qa5+ 54.Kd4 Qd2+ 55.Rd3 Qe2 56.Rc6 Qf2+
57.Kc4 Qc2+ 58.Rc3 Qe2+ 59.Kb4 Qa6 60.Re3 Qa5+ 61.Kc4 Qa6+ 62.Kd4 Qb5 63.Rc7+ Kf6
64.Rec3 Qb4+ 65.Kd5 Kf5 66.R7c4 Qa5+ 67.Kd6 Qa3+ 68.Kd7 Qa7+ 69.Rc7 Qa5 70.Ke7 Qb4+
71.Ke8 Qe4+ 72.Re7 Qa8+ 73.Kf7 Qh8 74.Re5+ Kg4 75.Rce3 Qh7+ 76.Kf6 Qg8 77.Re8 Qh7
78.R3e7 Qh6 79.Rg7 g5+ 80.Rg6  1-0

[Event "Rilton Cup"]
[Site "Stockholm"]
[Date "1980.??.??"]
[Round "?"]
[White "Eriksson, Anders"]
[Black "Olsson, Ake"]
[Result "1-0"]
[WhiteElo "2200"]
[BlackElo "2370"]

1.Nf3 Nf6 2.c4 g6 3.g3 Bg7 4.Bg2 O-O 5.O-O d6 6.d4 Nc6 7.Nc3 a6 8.h3 Bd7
9.Be3 Qc8 10.Kh2 e5 11.dxe5 dxe5 12.Nd5 Re8 13.Rc1 Ne4 14.Ng5 Nd6 15.Nb6 cxb6
16.Qxd6 h6 17.Ne4 Re6 18.Qd2 Nd4 19.Bxh6 Bxh6 20.Qxh6 Nxe2 21.Rce1 Nd4 22.Ng5 Be8
23.Qh7+ Kf8 24.Nxe6+ Nxe6 25.Qh8+ Ke7 26.Qxe5 Qxc4 27.Rc1 Qb5 28.Rc7+ Bd7
29.Qe3 Rd8 30.b3 Kf8 31.Rxb7 Nc5 32.Ra7 Be6 33.Qg5 Re8 34.Rd1 Qe2 35.Rd8 Rxd8
36.Qxd8+ Kg7 37.Ra8 Qh5 38.Qd4+ f6 39.Ra7+ Kh6 40.Qxf6  1-0

[Event "Tirnavia-A"]
[Site "Trnava"]
[Date "1980.??.??"]
[Round "6"]
[White "Sturua, Zurab"]
[Black "Plachetka, Jan"]
[Result "1-0"]
[WhiteElo "2410"]
[BlackElo "2480"]

1.c4 Nf6 2.Nf3 g6 3.g3 Bg7 4.Bg2 O-O 5.O-O c6 6.d4 d5 7.cxd5 cxd5 8.Ne5 Ng4
9.Nxg4 Bxg4 10.Nc3 Nc6 11.h3 Be6 12.e4 Nxd4 13.exd5 Bd7 14.Bg5 Nf5 15.g4 h6
16.gxf5 hxg5 17.fxg6 fxg6 18.Ne4 Bf5 19.Nxg5 Qb6 20.d6 Qxd6 21.Bd5+ Kh8 22.Qa4 Bh6
23.Nf7+ Rxf7 24.Bxf7 Qf6 25.Bd5 Bxh3 26.Bg2 Bxg2 27.Kxg2 Rf8 28.Qg4 Qc6+
29.f3 Rf5 30.Qd4+ Kg8 31.Rf2 Rg5+ 32.Kf1 Qb5+ 33.Re2 Rh5 34.Re1 Qf5 35.Qg4 Qd3
36.Qe4 Qxe4 37.Rxe4 Bg5 38.Re5 Kf7 39.Kg2  1-0

[Event "CSR-ch"]
[Site "Trnava"]
[Date "1980.??.??"]
[Round "6"]
[White "Novak, Ivan"]
[Black "Nemec, Pavel"]
[Result "0-1"]
[WhiteElo "2300"]
[BlackElo "2200"]

1.g3 Nf6 2.Nf3 g6 3.c4 Bg7 4.Bg2 O-O 5.Nc3 d6 6.d4 c6 7.O-O Qa5 8.Bg5 Qb4
9.Qb3 Qxb3 10.axb3 h6 11.Bxf6 Bxf6 12.e3 Na6 13.Nd2 Bd7 14.Ra5 Nc7 15.b4 a6
16.Rd1 e6 17.Nb3 Be7 18.Na4 Rab8 19.Nb6 Rfd8 20.e4 Be8 21.Raa1 Na8 22.Nxa8 Rxa8
23.f4 d5 24.c5 dxe4 25.Bxe4 f5 26.Bd3 Bf7 27.Bc4 Bf6 28.Kf2 Rd7 29.Rd3 Rad8
30.Rad1 e5 31.Bxf7+ Kxf7 32.fxe5 Bxe5 33.Ke3 Bf6 34.Na5 Re8+ 35.Kf3 Re4 36.Nc4 Rdxd4
37.Nd6+ Ke6 38.Nxb7 Rxd3+ 39.Rxd3 Rxb4 40.Na5 Rd4 41.Rb3 Kd5 42.Rb6 Bd8 43.Rxa6 Bxa5
44.Rxa5 Rb4 45.h4 g5 46.hxg5 hxg5 47.Ra2 Rb3+ 48.Kf2 Kxc5 49.Kg2 Kd5 50.Kf2 c5
51.Kg2 Kd4 52.Kf2 c4 53.Kg2 g4 54.Kf2 Ke4 55.Kg2 Ke3 56.Kf1 Kf3  0-1

[Event "Yerevan"]
[Site "Yerevan"]
[Date "1980.??.??"]
[Round "11"]
[White "Vadasz, Laszlo"]
[Black "Tseshkovsky, Vitaly"]
[Result "0-1"]
[WhiteElo "2500"]
[BlackElo "2595"]

1.Nf3 Nf6 2.c4 g6 3.g3 Bg7 4.Bg2 O-O 5.O-O d6 6.d4 Nc6 7.Nc3 a6 8.Bd2 Bg4
9.e3 e5 10.d5 Na5 11.Qa4 b6 12.e4 Nd7 13.Nd1 f5 14.Bxa5 Nc5 15.Qa3 bxa5 16.Nd2 f4
17.Qxa5 Be2 18.Re1 f3 19.Nc3 Nd3 20.Nxe2 fxg2 21.f3 Qg5  0-1

[Event "Yerevan"]
[Site "Yerevan"]
[Date "1980.??.??"]
[Round "13"]
[White "Vadasz, Laszlo"]
[Black "Grigorian, Karen Ashotovich"]
[Result "1-0"]
[WhiteElo "2500"]
[BlackElo "2475"]

1.Nf3 Nf6 2.c4 g6 3.g3 Bg7 4.Bg2 O-O 5.O-O d6 6.d4 Nbd7 7.Nc3 e5 8.e4 c6
9.Rb1 a5 10.h3 Re8 11.Re1 exd4 12.Nxd4 Nc5 13.Bf4 Qe7 14.Ndb5 cxb5 15.Bxd6 Qe6
16.Bxc5 Qxc4 17.Bd6 Be6 18.e5 b4 19.Na4 Nd7 20.Bxb7 Rad8 21.Qc1 Qxa2 22.Ra1 Qc4
23.Qxc4 Bxc4 24.f4 Bb3 25.Bc6 Re6 26.Kh2 Bxa4 27.Bxa4 Nb6 28.Bb3 Ree8 29.Red1 Bf8
30.Bc7 Rxd1 31.Bxd1 Nc4 32.b3 Nb2 33.Bxa5 Ra8 34.Bf3 Ra7 35.Rb1 Nd3 36.Bb6 Ra2+
37.Kg1 g5 38.Rd1 Nc5 39.f5 Nxb3 40.Rd8 Rd2 41.Bd5 Nd4 42.Bxf7+ Kxf7 43.Rxd4 Re2
44.e6+ Kg7 45.Rd8 b3 46.Bd4+ Kg8 47.Bc5 b2 48.Rxf8+ Kg7 49.f6+ Kg6 50.Rb8  1-0

[Event "BCF-ch"]
[Site "Morecambe"]
[Date "1981.08.03"]
[Round "1"]
[White "Hawksworth, John C"]
[Black "Hebden, Mark"]
[Result "1/2-1/2"]
[WhiteElo "2220"]
[BlackElo "2315"]

1.Nf3 Nf6 2.c4 g6 3.g3 Bg7 4.Bg2 O-O 5.d4 d6 6.Nc3 c5 7.O-O Nc6 8.dxc5 dxc5
9.Be3 Qa5 10.Nd2 Rd8 11.Bxc6 bxc6 12.Nb3 Qb6 13.Qc1 Qb4 14.Bxc5 Qxc4 15.Bxe7 Re8
16.Bc5 Bh3 17.Re1 a5 18.Qf4 Qxf4 19.gxf4 a4 20.Nd2 Nh5 21.Nc4 Nxf4 22.f3 a3
23.Bxa3 Rxa3 24.Nxa3 Bd4+ 25.e3 Rxe3 26.Kf2 Re2+ 27.Kg3 Rg2+ 28.Kxf4 f5 29.Ne4 h6
30.Nf6+ Bxf6 31.Ke3 Rxb2 32.Nc4 f4+ 33.Kxf4 Rb4 34.Rac1 Bh4 35.Rg1 Bf5 36.Ke5 Kg7
37.Kd6 Ra4 38.Rg2 Bg5 39.Rxg5 hxg5 40.a3 Bd3 41.Ne5  1/2-1/2

[Event "DEN-ch"]
[Site "Aarhus"]
[Date "1981.??.??"]
[Round "11"]
[White "Jacobsen, Bo"]
[Black "Hvenekilde, Jorgen"]
[Result "0-1"]
[WhiteElo "2335"]
[BlackElo "2275"]

1.c4 Nf6 2.g3 g6 3.Bg2 Bg7 4.Nf3 O-O 5.O-O Nc6 6.d4 d6 7.Nc3 Bf5 8.d5 Na5
9.Nd2 c6 10.e4 Bg4 11.Qa4 cxd5 12.exd5 Rc8 13.Nb3 Nxc4 14.Qxa7 Qd7 15.Nd2 Ne5
16.Qe3 Bh3 17.Bxh3 Qxh3 18.Qe2 e6 19.dxe6 fxe6 20.f4 Nf7 21.Nf3 Ng4 22.Bd2 e5
23.Nd5 Rce8 24.Rad1 e4 25.Nh4 Bxb2 26.Bc3 Bxc3 27.Nxc3 Nf6 28.Qc4 Rc8 29.Qd4 Ng4
30.Rd2 Nxh2 31.Rxh2 Qxg3+ 32.Rg2 Qxc3 33.Qxe4 Rc4 34.Qxb7 Qe3+ 35.Rff2 Rxf4
36.Nxg6 hxg6 37.Rxg6+ Kh7 38.Rg2 Qe1+ 39.Kh2 Rh4+ 40.Kg3 Rg8+  0-1

[Event "Bangalore"]
[Site "Bangalore"]
[Date "1981.??.??"]
[Round "4"]
[White "Parameswaran, Tiruchi N"]
[Black "Rodriguez, Ruben"]
[Result "1-0"]
[WhiteElo "2320"]
[BlackElo "2375"]

1.c4 Nf6 2.Nf3 g6 3.g3 Bg7 4.Bg2 O-O 5.O-O d6 6.Nc3 Nc6 7.d3 Nh5 8.Rb1 f5
9.e3 e5 10.Nd5 Ne7 11.Ng5 Nxd5 12.Bxd5+ Kh8 13.f4 Qe7 14.Bg2 a5 15.b3 Rb8
16.Re1 Bd7 17.Bd2 b6 18.Bc3 Bf6 19.Nh3 Rbe8 20.Qc2 Qg7 21.a3 Re7 22.b4 axb4
23.axb4 Rfe8 24.Bd2 h6 25.Bf3 Qh7 26.Qa2 Ng7 27.Qa7 Ne6 28.Nf2 g5 29.fxe5 dxe5
30.c5 bxc5 31.bxc5 e4 32.dxe4 Bc6 33.e5 Bxf3 34.exf6 Rf7 35.Bc3 Qg8 36.Qa5 Rd8
37.c6 Qg6 38.Qb5 Rd5 39.Qc4 Rd6 40.e4 fxe4 41.Nxe4 Bxe4 42.Rxe4 Nd8 43.Rb8 Kh7
44.Re8 Rd1+ 45.Kg2 Qc2+ 46.Re2 Qf5 47.Re4 Qd5 48.Qxd5 Rxd5 49.Re7 Kg6 50.Rc8 Rd3
51.Be5 Rd2+ 52.Kg1 Rd1+ 53.Kf2 Rd5 54.g4 Rxe5 55.Rxe5 Nxc6 56.Re6 Nd4 57.Rg8+ Kh7
58.Rg7+ Rxg7 59.Re7 Ne6 60.fxg7 Nxg7 61.Rxc7 h5 62.h3 Kg6 63.Rc6+ Kf7 64.Kf3 h4
65.Ke4 Ne6 66.Rc3 Kf6 67.Rf3+ Kg6 68.Ke5  1-0

[Event "SVK-ch"]
[Site "Bardejov"]
[Date "1981.??.??"]
[Round "7"]
[White "Demeter, Peter"]
[Black "Novak, Ivan"]
[Result "0-1"]
[WhiteElo "2145"]
[BlackElo "2335"]

1.c4 Nf6 2.Nf3 g6 3.g3 Bg7 4.Bg2 O-O 5.O-O d5 6.cxd5 Nxd5 7.Nc3 c5 8.Qb3 Nc7
9.Qc4 Nd7 10.d3 h6 11.Be3 Ne6 12.Qa4 a6 13.Qa3 Rb8 14.Bh3 b5 15.Bxe6 b4 16.Qa4 bxc3
17.Bxd7 cxb2 18.Rab1 Bxd7 19.Qa3 Bc6 20.Bxc5 Bxf3 21.exf3 Qd5 22.d4 Bxd4
23.Bxe7 Rfc8 24.Rbd1 Rc2 25.Kg2 b1=Q  0-1

[Event "Caorle op"]
[Site "Caorle"]
[Date "1981.??.??"]
[Round "2"]
[White "Belotti, Bruno"]
[Black "Kouatly, Bachar"]
[Result "1-0"]
[WhiteElo "1900"]
[BlackElo "2385"]

1.Nf3 Nf6 2.c4 g6 3.g3 Bg7 4.Bg2 O-O 5.O-O d5 6.cxd5 Nxd5 7.d4 c5 8.Nc3 cxd4
9.Nxd4 Nxc3 10.bxc3 Na6 11.Ba3 Re8 12.Rb1 Qa5 13.Qc1 Rb8 14.Rd1 Qa4 15.Bd5 Bf6
16.Rd3 Rd8 17.Bb3 Qa5 18.Rf3 Qe5 19.Qh6 Re8 20.Re3 Qc7 21.Nb5 Qd7 22.Rd1 Bg7
23.Rxd7 Bxh6 24.Rexe7 Bxd7 25.Rxd7 Red8 26.Rxf7 Kh8 27.Bd6 Rxd6 28.Nxd6 Nc5
29.Rc7 Bf8 30.Nf7+ Kg8 31.Bd5 Kg7 32.Ng5+ Kf6 33.Nxh7+ Ke5 34.Nxf8 Kxd5 35.Rxc5+ Kd6
36.Rg5 Rxf8 37.Rxg6+ Kc5 38.h4 a5 39.Rg5+  1-0

[Event "Caorle op"]
[Site "Caorle"]
[Date "1981.??.??"]
[Round "5"]
[White "Belic, D."]
[Black "Sandic, Vladeta"]
[Result "0-1"]
[WhiteElo "2000"]
[BlackElo "2000"]

1.c4 Nf6 2.Nf3 g6 3.g3 Bg7 4.Bg2 O-O 5.O-O d6 6.d4 Nbd7 7.Nc3 e5 8.e4 c6
9.h3 Qb6 10.d5 Nc5 11.Qe2 cxd5 12.cxd5 Bd7 13.Be3 a5 14.Rab1 Rfc8 15.Nd2 Qa6
16.Qxa6 Rxa6 17.Rfe1 b5 18.Bf1 Rca8 19.f3 Rb8 20.Rec1 Nh5 21.Kg2 f5 22.exf5 gxf5
23.Be2 b4 24.Nd1 Nxg3 25.Bc4 Nh5 26.Nf2 Nf4+ 27.Kh2 a4 28.b3 a3 29.Rg1 Kh8
30.Rbd1 Be8 31.Nf1 Bh5 32.Nd2 Bf6 33.Nh1 Bg6 34.Nf1 Re8 35.Nd2 Nfd3 36.Bxd3 Nxd3
37.Nc4 Nb2 38.Rc1 e4 39.f4 Nxc4 40.Rxc4 Rb6 41.Rd1 Bh5 42.Rd2 Bc3 43.Ng3 Bxd2
44.Bd4+ Kg8 45.Nxh5 Re7 46.Rc8+ Kf7 47.Rh8 Kg6 48.Ng3 Bxf4  0-1

[Event "Copenhagen-ch"]
[Site "Copenhagen"]
[Date "1981.??.??"]
[Round "2"]
[White "Hvenekilde, Jorgen"]
[Black "Brondum, Eric"]
[Result "1-0"]
[WhiteElo "2275"]
[BlackElo "2305"]

1.Nf3 Nf6 2.c4 g6 3.g3 Bg7 4.Bg2 O-O 5.O-O d6 6.d4 Nc6 7.Nc3 a6 8.h3 Rb8
9.Be3 b5 10.cxb5 axb5 11.d5 Na5 12.b4 Nc4 13.Ba7 Ra8 14.Bd4 Bd7 15.Nd2 Nxd2
16.Qxd2 Qc8 17.Kh2 Qa6 18.Rac1 Rfc8 19.Rc2 Qa3 20.Rb1 Rab8 21.Nd1 Bf5 22.Rb3 Qa4
23.e4 Bd7 24.Bb2 Qa7 25.Rbc3 e6 26.Ne3 e5 27.Bc1 Rb7 28.a3 Rf8 29.Nf1 Ne8
30.g4 Qb8 31.Ng3 h6 32.Bf1 Qd8 33.Bd3 Qh4 34.f3 Kh7 35.Qf2 Qe7 36.Be3 Bf6
37.Qd2 Bg5 38.Kg2 Bxe3 39.Qxe3 Qg5 40.Qxg5 hxg5 41.Nf1 Ra7 42.Nd2 Nf6 43.Nb1 Rc8
44.Kf2 Kg7 45.Ke3 Ng8 46.Kd2 Ne7 47.Kc1 Kf8 48.Kb2 Kg7 49.Rc1 Kf8 50.Nd2 Kg7
51.Nb3 Kf8 52.Na5 Kg7 53.Be2 Kf8 54.Bd1 Kg7 55.a4 bxa4 56.Ka3 Kf8 57.Bxa4 Bxa4
58.Kxa4 Ke8 59.Kb3 Kd7 60.R3c2 Rh8 61.Rh1 Rb8 62.Ra2 Rh8 63.Rhh2 Raa8 64.Rh1 f5
65.Rc2 Rhf8 66.Rhc1 Ra7 67.gxf5 gxf5 68.Rg2 Rh8 69.Rxg5 Raa8 70.Rg7 Rag8
71.Rxc7+ Kxc7 72.Rxe7+ Kc8 73.b5 Rg1 74.Nc6 Rxh3 75.Kb4 Ra1 76.b6 Rb1+ 77.Ka5 Ra1+
78.Kb5 Rb1+ 79.Ka6 Ra1+ 80.Na5 Rxa5+ 81.Kxa5 Rxf3 82.exf5 Rxf5 83.Ka6  1-0

[Event "Copenhagen-ch"]
[Site "Copenhagen"]
[Date "1981.??.??"]
[Round "4"]
[White "Hvenekilde, Jorgen"]
[Black "Hoi, Carsten"]
[Result "0-1"]
[WhiteElo "2275"]
[BlackElo "2425"]

1.Nf3 Nf6 2.c4 g6 3.g3 Bg7 4.Bg2 O-O 5.O-O c5 6.d4 cxd4 7.Nxd4 d6 8.Nc3 Nbd7
9.b3 a6 10.Bb2 Nc5 11.Qd2 Rb8 12.Rfd1 Bd7 13.Rac1 Re8 14.h3 Qa5 15.a3 Qb6
16.b4 Na4 17.Ba1 Nxc3 18.Rxc3 Rec8 19.e3 Rc7 20.Rdc1 Rbc8 21.g4 Be8 22.Nb3 Nd7
23.R3c2 Bxa1 24.Nxa1 Ne5 25.Qe2 Ba4 26.Rc3 Bb5 27.Bd5 e6 28.f4 exd5 29.fxe5 Rxc4
30.Qb2 dxe5 31.Nb3 Rxc3 32.Rxc3 Rxc3 33.Qxc3 Qf6 34.Nd2 Qh4 35.Kg2 Qe1 36.Qc8+ Kg7
37.Nf3 Qf1+ 38.Kg3 e4 39.Qc3+ Kh6 40.Nh4 Qg1+ 41.Ng2 Bf1 42.Qb2  0-1

[Event "Czestochowa"]
[Site "Czestochowa"]
[Date "1981.??.??"]
[Round "10"]
[White "Szymczak, Zbigniew"]
[Black "Flis, Jacek"]
[Result "1/2-1/2"]
[WhiteElo "2395"]
[BlackElo "2310"]

1.Nf3 Nf6 2.c4 g6 3.g3 Bg7 4.Bg2 O-O 5.O-O d6 6.d4 Nbd7 7.Nc3 e5 8.e4 c6
9.h3 a6 10.dxe5 dxe5 11.Be3 Qe7 12.Qc2 Ne8 13.Rad1 Nc7 14.c5 Ne6 15.b4 a5
16.a3 axb4 17.axb4 Re8 18.Rfe1 Ndf8 19.Na4 Nc7 20.Nb6 Rb8 21.Rd6 Nb5 22.Rd2 Be6
23.Bf1 Rbd8 24.Red1 Rxd2 25.Rxd2 Nc7 26.Nc4 Bxc4 27.Bxc4 Nfe6 28.Kg2 Rd8
29.Rxd8+ Qxd8 30.Qa2 Qd7 31.Qa7 Qc8 32.Be2 h6 33.Nd2 f5 34.Qa2 Kh8 35.Nc4 f4
36.Bc1 Qf8 37.Bb2 Nd4 38.Bxd4 exd4 39.Nd6 fxg3 40.fxg3 Qe7 41.Qa7 Nd5 42.b5 Ne3+
43.Kf2 Qf6+ 44.Bf3 d3 45.e5 Qxf3+ 46.Kxf3 d2 47.Qa1 d1=Q+ 48.Qxd1 Nxd1 49.e6 Bf8
50.Nxb7 Nc3 51.b6 Na4 52.Ke4 Kg7 53.Ke5 Be7 54.Na5 Nxc5 55.b7 Nxb7 56.Nxb7 c5
57.Nd6 Bd8 58.Ne4 Be7 59.Kd5 h5 60.Nxc5 Kf6 61.Ne4+ Kf5 62.Nd6+ Kf6 63.Nf7 Bf8
64.Ne5 Be7 65.Nc6 Bf8 66.Nd4 Bb4 67.Ne2 Kf5 68.Nf4 h4 69.Nd3 hxg3 70.Nxb4 g2
71.e7 g1=Q 72.e8=Q Qg2+ 73.Kd4 Qb2+ 74.Kc4 Qc1+ 75.Kb3 Qd1+ 76.Kc3 Qf3+ 77.Nd3 Kg5
78.Qe5+ Kh4 79.Qh8+ Kg3 80.Kd4 Qf5 81.Qh7 Qxh3 82.Qc7+ Kh4 83.Qe7+ g5 84.Qe1+ Qg3
85.Nf2 Qd6+ 86.Ke3 Kh5 87.Qh1+ Kg6 88.Qe4+ Kg7 89.Nd3 Qg3+ 90.Ke2 Qh2+ 91.Nf2 Qf4
92.Qe7+ Kg6 93.Nd3 Qh2+ 94.Ke3 Qg1+ 95.Ke4 Qg2+ 96.Kd4 Qg1+ 97.Kd5 Qg2+ 98.Kd6 Qd2
99.Qe6+ Kh5 100.Qh3+ Kg6 101.Qf3 Kh6 102.Ke7 Qa5 103.Qf6+ Kh5 104.Qf7+ Kg4
105.Nf2+ Kh4 106.Qc4+ Kh5 107.Qg4+ Kh6 108.Qe6+ Kg7 109.Qf6+ Kh7 110.Qf7+ Kh8
111.Qf6+ Kh7 112.Qf7+ Kh8 113.Kf6 Qb6+ 114.Ke5 Qe3+  1/2-1/2

[Event "Buna-Turnier"]
[Site "Halle"]
[Date "1981.??.??"]
[Round "9"]
[White "Lechtynsky, Jiri"]
[Black "Knaak, Rainer"]
[Result "1/2-1/2"]
[WhiteElo "2455"]
[BlackElo "2490"]

1.Nf3 Nf6 2.c4 g6 3.g3 Bg7 4.Bg2 O-O 5.O-O d6 6.d4 Nbd7 7.b3 e5 8.dxe5 dxe5
9.Ba3 Re8 10.Nc3 c6 11.e4 Qa5 12.Qc1 Bf8  1/2-1/2

[Event "DSV-Turnier"]
[Site "Halle"]
[Date "1981.??.??"]
[Round "13"]
[White "Malich, Burkhard"]
[Black "Pavlov, Mircea"]
[Result "1-0"]
[WhiteElo "2470"]
[BlackElo "2415"]

1.Nf3 Nf6 2.c4 g6 3.g3 Bg7 4.Bg2 O-O 5.O-O d6 6.d4 Nbd7 7.Qc2 e5 8.Rd1 Re8
9.dxe5 dxe5 10.e4 c6 11.h3 h6 12.Be3 Qe7 13.Nc3 Nh7 14.Rab1 Ng5 15.Nxg5 hxg5
16.b4 Nf8 17.b5 Ne6 18.bxc6 bxc6 19.Qa4 Nd4 20.Bxd4 exd4 21.Ne2 c5 22.Nc1 g4
23.h4 Bb7 24.Nd3 Rac8 25.Re1 Ba8 26.Qa5 Qe6 27.Nxc5 Qc6 28.Nb3 Qxc4 29.Rbc1 Qe6
30.Rxc8 Rxc8 31.Qxa7 Qe5 32.Qd7 Qe6 33.Qxe6 fxe6 34.e5 Bxg2 35.Kxg2 Rd8 36.Nc5 Kf7
37.Nd3 Ra8 38.Re4 Ra4 39.Rxg4 Bf8 40.Rf4+ Kg7 41.Rf6 Rxa2 42.Nf4 Be7 43.Nxe6+ Kg8
44.Rxg6+ Kf7 45.Nf4 d3 46.e6+  1-0

[Event "Hastings8182"]
[Site "Hastings"]
[Date "1981.??.??"]
[Round "13"]
[White "Lein, Anatoly"]
[Black "Littlewood, Paul E"]
[Result "1-0"]
[WhiteElo "2510"]
[BlackElo "2435"]

1.Nf3 Nf6 2.c4 g6 3.g3 Bg7 4.Bg2 O-O 5.O-O d6 6.d4 Nc6 7.Nc3 a6 8.b3 Rb8
9.Bb2 b5 10.cxb5 axb5 11.d5 Na5 12.Nd4 b4 13.Na4 e6 14.dxe6 fxe6 15.Rc1 c5
16.Nf3 Qe7 17.Nd2 Bd7 18.e4 e5 19.Re1 Bh6 20.Rc2 Ng4 21.Nf3 c4 22.Qd5+ Be6
23.Qxa5 Ra8 24.Qxb4 Rfb8 25.Nb6 Qd8 26.bxc4 Rxb6 27.Qc3 Rxa2 28.Bc1 Ra4 29.Bf1 Bxc1
30.Rexc1 Rab4 31.Qd2 Qf6 32.Ng5 Bd7 33.Bg2 h6 34.Nf3 Be6 35.h3 Rb3 36.Ne1 Ne3
37.fxe3 Qg5 38.Qf2 Rxe3 39.Nf3  1-0

[Event "NOR-ch"]
[Site "Kirkenes"]
[Date "1981.??.??"]
[Round "?"]
[White "Myreng, Svein G"]
[Black "Haugli, Petter"]
[Result "0-1"]
[WhiteElo "2205"]
[BlackElo "2260"]

1.Nf3 Nf6 2.c4 g6 3.g3 Bg7 4.Bg2 O-O 5.O-O d6 6.d4 c6 7.Nc3 Nbd7 8.Qc2 b6
9.e4 e5 10.Rd1 Qc7 11.b3 Re8 12.h3 a6 13.Be3 Bb7 14.Rac1 Rac8 15.Qb1 Qb8
16.Rd2 Re7 17.Rcd1 h6 18.a3 Rce8 19.b4 exd4 20.Nxd4 c5 21.Nde2 Ne5 22.Qb3 b5
23.bxc5 Nxc4 24.Rd3 Nxe3 25.Rxe3 dxc5 26.Nf4 c4 27.Qb1 Qa8 28.Nfd5 Nxd5 29.Nxd5 Bxd5
30.Rxd5 Re5 31.Rd7 Qc8 32.Ra7 R5e7 33.Rxe7 Rxe7 34.Re2 Qc5  0-1

[Event "NLD-ch"]
[Site "Leeuwarden"]
[Date "1981.??.??"]
[Round "12"]
[White "Boersma, Paulus A"]
[Black "Ligterink, Gert"]
[Result "1/2-1/2"]
[WhiteElo "2335"]
[BlackElo "2430"]

1.c4 Nf6 2.g3 g6 3.Bg2 Bg7 4.Nf3 O-O 5.O-O d6 6.Nc3 Nc6 7.d3 Nh5 8.d4 e5
9.d5 Ne7 10.e4 c5 11.Ne1 Qe8 12.Rb1 f5 13.exf5 Bxf5 14.Ne4 Qd7 15.Nd3 Nf6
16.f3 b5 17.b3 Rab8 18.Bd2 Nc8 19.Nef2  1/2-1/2

[Event "Lone Pine op"]
[Site "Lone Pine"]
[Date "1981.??.??"]
[Round "?"]
[White "Burger, Karl"]
[Black "Biyiasas, Peter"]
[Result "1-0"]
[WhiteElo "2405"]
[BlackElo "2450"]

1.Nf3 Nf6 2.c4 g6 3.g3 Bg7 4.Bg2 O-O 5.O-O d6 6.d4 Nbd7 7.Nc3 e5 8.Qc2 Re8
9.Rd1 c6 10.e4 a6 11.dxe5 dxe5 12.c5 Qe7 13.Na4 Bf8 14.Be3 Ng4 15.Bg5 f6
16.Bd2 Nh6 17.h3 Nf7 18.Rac1 Bg7 19.Be3 Nf8 20.Nb6 Rb8 21.Nxc8 Rbxc8 22.Bf1 Bh6
23.Bxh6 Nxh6 24.Rd6 b5 25.Rcd1 Nf7 26.R6d2 Red8 27.h4 Rxd2 28.Rxd2 Rd8 29.b4 Ne6
30.Qd1 a5 31.a3 Rxd2 32.Qxd2 axb4 33.axb4 Qa7 34.Bh3 Qa1+ 35.Kg2 Nd4 36.Bd7 Kg7
37.Be8 h5 38.Nxd4 exd4 39.Bxf7 Kxf7 40.Qf4 Qc3 41.Qc7+ Kg8 42.Qxc6 d3 43.Qd5+ Kg7
44.c6 d2 45.Qd7+ Kh6 46.c7 d1=Q 47.Qxd1 Qxc7 48.Qd5 Qc2 49.e5 fxe5 50.Qxb5 Qe4+
51.Kh2 g5 52.Qb6+ Kh7 53.hxg5 h4 54.Qh6+ Kg8 55.Qxh4 Qc2 56.g4 Qc4 57.g6 Qf4+
58.Qg3 Qxb4 59.Qf3 Kg7 60.Qf7+ Kh6 61.g7 Qxg4 62.g8=N+  1-0

[Event "Lone Pine op"]
[Site "Lone Pine"]
[Date "1981.??.??"]
[Round "?"]
[White "Frias, Victor J"]
[Black "Kuligowski, Adam"]
[Result "1/2-1/2"]
[WhiteElo "2390"]
[BlackElo "2450"]

1.Nf3 Nf6 2.c4 g6 3.g3 Bg7 4.Bg2 O-O 5.O-O d6 6.Nc3 e5 7.d4 Nbd7 8.Qc2 exd4
9.Nxd4 Nb6 10.Qd3 c6 11.Rd1 d5 12.cxd5 Nfxd5 13.Nxd5 Nxd5 14.e4 Nb4 15.Qc4 Qe7
16.Be3 Na6 17.Qe2 Nc5 18.Rac1 Nxe4 19.b4 Re8 20.b5 c5 21.Nb3 Nc3 22.Rxc3 Bxc3
23.Qc4 Bb4 24.Nxc5 Bxc5 25.Qxc5 Qxc5 26.Bxc5 Bg4 27.Rc1 b6 28.Bxa8 Rxa8  1/2-1/2

[Event "Sokolsky mem"]
[Site "Minsk"]
[Date "1981.??.??"]
[Round "4"]
[White "Mochalov, Evgeny V"]
[Black "Vetemaa, Juri"]
[Result "1/2-1/2"]
[WhiteElo "2430"]
[BlackElo "2285"]

1.Nf3 Nf6 2.c4 g6 3.g3 Bg7 4.Bg2 O-O 5.O-O d6 6.d4 Nbd7 7.Nc3 e5 8.e4 c6
9.b3 Qb6 10.h3 exd4 11.Na4 Qa6 12.Nxd4 b5 13.cxb5 cxb5 14.Nc3 b4 15.Nd5 Nxd5
16.exd5 Nc5 17.Be3 Re8 18.Qc2 Bd7 19.Rfe1 Bb5 20.Qd2 Rab8 21.Bh6 Bxh6 22.Qxh6 Rxe1+
23.Rxe1 Re8 24.Qd2 Rxe1+ 25.Qxe1 Bd7 26.Qxb4 Qxa2 27.Qb8+ Kg7 28.Nc6 Qxb3
29.Qxd6 Qc3 30.Ne5 Bb5 31.Kh2 Qd4 32.f4 Nd3 33.Qc7 Nxe5 34.fxe5 Qf2 35.Qc3 Bf1
36.e6+ Kf8 37.Qb4+ Kg7 38.Qc3+ Kf8 39.Qb4+ Kg7 40.Qc3+ Kf8 41.Qc8+ Kg7 42.Qc3+ Kf8  1/2-1/2